[Event "Titled Tuesday intern op 23rd Jul Early"]
[Site "Chess.com INT"]
[Date "2024.07.23"]
[Round "2"]
[White "Javornik, Nik"]
[Black "Necula, Iulian"]
[Result "1-0"]
[WhiteElo "2180"]
[BlackElo "1906"]
[PlyCount "41"]
[EventDate "2024.07.23"]
[EventType "swiss (blitz)"]
[EventRounds "11"]
[EventCountry "USA"]
[SourceTitle "EXT 2025"]
[Source "ChessBase"]
[SourceDate "2024.10.14"]
[SourceVersion "1"]
[SourceVersionDate "2024.10.14"]
[SourceQuality "1"]

1. e4 c5 2. Nc3 Nc6 3. Bb5 Nd4 4. Nf3 a6 5. Bd3 d6 6. Nxd4 cxd4 7. Ne2 e5 8. 0-0 Nf6 9. c3 dxc3 10. dxc3 Be7 11. a4 0-0 12. a5 d5 13. exd5 Nxd5 14. Qc2 g6 15. Rd1 Be6 16. Bh6 Re8 17. Bc4 Rc8 18. Qb3 Rc5 19. Be3 Nxe3 20. Rxd8 Rxd8 21. Bxe6 1-0

[Event "Titled Tuesday intern op 02nd Jul Early"]
[Site "Chess.com INT"]
[Date "2024.07.02"]
[Round "11"]
[White "Chernov, Alexander A"]
[Black "Necula, Iulian"]
[Result "1-0"]
[WhiteElo "2314"]
[BlackElo "1906"]
[PlyCount "99"]
[EventDate "2024.07.02"]
[EventType "swiss (blitz)"]
[EventRounds "11"]
[EventCountry "USA"]
[SourceTitle "EXT 2025"]
[Source "ChessBase"]
[SourceDate "2024.10.14"]
[SourceVersion "1"]
[SourceVersionDate "2024.10.14"]
[SourceQuality "1"]

1. d4 Nf6 2. Nc3 g6 3. e4 d6 4. Bf4 Nh5 5. Be3 Nc6 6. Be2 Nf6 7. Qd2 h5 8. h3 a6 9. Nf3 b5 10. a3 Bb7 11. e5 Nd7 12. e6 Nf6 13. Ng5 fxe6 14. Bd3 Rg8 15. Nxe6 Qd7 16. Nf4 0-0-0 17. d5 Ne5 18. Be2 g5 19. Ne6 Re8 20. Nxf8 Rexf8 21. 0-0-0 Qf5 22. Qd4 c5 23. dxc6 Nxc6 24. Qb6 Nd7 25. Rd5 Qe6 26. Rdd1 Nxb6 27. Bxb6 Rf5 28. Rhe1 Re5 29. Be3 g4 30. hxg4 hxg4 31. Bd3 b4 32. axb4 Nxb4 33. Bf1 Qf5 34. Rd2 Be4 35. Bd4 Bxc2 36. Bxe5 Nd3+ 37. Kxc2 Nxe1+ 38. Kb3 Qxe5 39. Bxa6+ Kb8 40. Rd5 Qe6 41. Bc4 Qf6 42. Rb5+ Kc7 43. Bxg8 Qxf2 44. Nd5+ Kc6 45. Nc3 e5 46. Bd5+ Kc7 47. Rb7+ Kd8 48. Bc6 e4 49. Nd5 Qg3+ 50. Ka2 1-0

[Event "Titled Tuesday intern op 02nd Jul Early"]
[Site "Chess.com INT"]
[Date "2024.07.02"]
[Round "9"]
[White "Necula, Iulian"]
[Black "Shapiro, Daniel E"]
[Result "0-1"]
[WhiteElo "1906"]
[BlackElo "2284"]
[PlyCount "72"]
[EventDate "2024.07.02"]
[EventType "swiss (blitz)"]
[EventRounds "11"]
[EventCountry "USA"]
[SourceTitle "EXT 2025"]
[Source "ChessBase"]
[SourceDate "2024.10.14"]
[SourceVersion "1"]
[SourceVersionDate "2024.10.14"]
[SourceQuality "1"]

1. Nf3 Nf6 2. g3 d5 3. Bg2 e6 4. 0-0 Be7 5. d4 0-0 6. b3 b6 7. c4 c6 8. Nc3 Ba6 9. cxd5 cxd5 10. Re1 Nc6 11. Ne5 Rc8 12. Bb2 Bb4 13. Rc1 Nxe5 14. dxe5 Nd7 15. a3 Bc5 16. b4 Be7 17. e4 Nxe5 18. exd5 Nd3 19. b5 Nxb2 20. Qb3 Nd3 21. bxa6 Nxc1 22. Rxc1 Bc5 23. Ne4 Bxf2+ 24. Kxf2 Rxc1 25. d6 Qc8 26. Qb4 Qc2+ 27. Kf3 Rb1 28. Qd4 Rb3+ 29. Kg4 Qxg2 30. d7 Rd8 31. Kh4 Qxh2+ 32. Kg5 h6+ 33. Kg4 f5+ 34. Kf4 fxe4 35. Qd6 Rf3+ 36. Kxe4 Qe2+ 0-1

[Event "Titled Tuesday intern op 28th May Early"]
[Site "Chess.com INT"]
[Date "2024.05.28"]
[Round "3"]
[White "Amura, Claudia Noemi"]
[Black "Necula, Iulian"]
[Result "1-0"]
[WhiteElo "2167"]
[BlackElo "1906"]
[PlyCount "67"]
[EventDate "2024.05.28"]
[EventType "swiss (blitz)"]
[EventRounds "11"]
[EventCountry "USA"]
[SourceTitle "EXT 2025"]
[Source "ChessBase"]
[SourceDate "2024.10.14"]
[SourceVersion "1"]
[SourceVersionDate "2024.10.14"]
[SourceQuality "1"]

1. d4 Nf6 2. Bg5 g6 3. Bxf6 exf6 4. e3 d5 5. c4 c6 6. Nc3 Bd6 7. cxd5 cxd5 8. g3 0-0 9. Bg2 Be6 10. Nge2 Nc6 11. 0-0 a6 12. a3 Rc8 13. Nf4 Bxf4 14. gxf4 Qd7 15. Na4 Bh3 16. Nb6 Qf5 17. Nxc8 Rxc8 18. Qf3 Bxg2 19. Kxg2 Na5 20. Rac1 Nc4 21. Qe2 Qe4+ 22. Kg1 Rc6 23. b3 Nxa3 24. Rxc6 bxc6 25. Qxa6 Qf3 26. Qc8+ Kg7 27. Rc1 f5 28. Qxc6 Qg4+ 29. Kf1 Qh3+ 30. Ke2 Qh5+ 31. Kd3 Qxh2 32. Qxd5 Qxf2 33. Qe5+ f6 34. Qe7+ 1-0

[Event "Titled Tuesday intern op 28th May Early"]
[Site "Chess.com INT"]
[Date "2024.05.28"]
[Round "9"]
[White "Kaminska, Zuzanna"]
[Black "Necula, Iulian"]
[Result "0-1"]
[WhiteElo "1803"]
[BlackElo "1906"]
[PlyCount "106"]
[EventDate "2024.05.28"]
[EventType "swiss (blitz)"]
[EventRounds "11"]
[EventCountry "USA"]
[SourceTitle "EXT 2025"]
[Source "ChessBase"]
[SourceDate "2024.10.14"]
[SourceVersion "1"]
[SourceVersionDate "2024.10.14"]
[SourceQuality "1"]

1. e4 c5 2. Nf3 d6 3. d4 cxd4 4. Qxd4 Nc6 5. Bb5 Bd7 6. Bxc6 bxc6 7. c4 Qb6 8. Be3 Qxd4 9. Nxd4 Nf6 10. Nc3 Rb8 11. b3 g6 12. 0-0 Bg7 13. Rfd1 0-0 14. f3 a6 15. Rac1 Rfc8 16. Kf2 h5 17. h3 c5 18. Nde2 Bc6 19. Nf4 a5 20. Nfd5 Bxd5 21. exd5 Nd7 22. f4 Nb6 23. g4 hxg4 24. hxg4 a4 25. f5 axb3 26. axb3 Nd7 27. Nb5 Ne5 28. Kg3 Ra8 29. Bf4 Ra2 30. Rd2 Rxd2 31. Bxd2 Ra8 32. Bc3 Ra2 33. Ra1 Re2 34. Ra8+ Kh7 35. Kf4 Rf2+ 36. Kg3 Rf3+ 37. Kg2 Rf4 38. Ra2 Rxg4+ 39. Kf2 Nd3+ 40. Ke3 Rg3+ 41. Ke2 Rg2+ 42. Kxd3 Rxa2 43. Bxg7 Kxg7 44. fxg6 fxg6 45. Ke4 Rf2 46. Nc7 Kf6 47. Ne8+ Kf7 48. Nc7 g5 49. Nb5 g4 50. Ke3 Rb2 51. Kf4 Rxb3 52. Kxg4 Rb4 53. Nc7 Rxc4+ 0-1

[Event "Titled Tuesday intern op 28th May Early"]
[Site "Chess.com INT"]
[Date "2024.05.28"]
[Round "5"]
[White "Necula, Iulian"]
[Black "Yevchenko, Alexander"]
[Result "0-1"]
[WhiteElo "1906"]
[BlackElo "2276"]
[PlyCount "66"]
[EventDate "2024.05.28"]
[EventType "swiss (blitz)"]
[EventRounds "11"]
[EventCountry "USA"]
[SourceTitle "EXT 2025"]
[Source "ChessBase"]
[SourceDate "2024.10.14"]
[SourceVersion "1"]
[SourceVersionDate "2024.10.14"]
[SourceQuality "1"]

1. Nf3 d5 2. b3 Nf6 3. Bb2 c5 4. e3 e6 5. c4 Nc6 6. Be2 Be7 7. d3 0-0 8. 0-0 a6 9. Ne5 Nxe5 10. Bxe5 b5 11. cxd5 exd5 12. Nd2 Re8 13. Bb2 Bb7 14. Rc1 Rc8 15. Nf3 Bd6 16. h3 h6 17. Re1 Qe7 18. Bf1 Rcd8 19. a3 Nh7 20. Qc2 Ng5 21. Nxg5 Qxg5 22. f4 Qg6 23. Qf2 Bc8 24. g3 Bf5 25. Rcd1 Re7 26. g4 Bc8 27. Kh1 Bb7 28. Bg2 f5 29. Rg1 fxg4 30. f5 Qh5 31. f6 Rf7 32. h4 g3 33. Qf3 Qxh4+ 0-1

[Event "Titled Tuesday intern op 23rd Apr Early"]
[Site "Chess.com INT"]
[Date "2024.04.23"]
[Round "7"]
[White "Budrewicz, Krzysztof"]
[Black "Necula, Iulian"]
[Result "1-0"]
[WhiteElo "2185"]
[BlackElo "1909"]
[PlyCount "61"]
[EventDate "2024.04.23"]
[EventType "swiss (blitz)"]
[EventRounds "11"]
[EventCountry "USA"]
[SourceTitle "EXT 2025"]
[Source "ChessBase"]
[SourceDate "2024.10.14"]
[SourceVersion "1"]
[SourceVersionDate "2024.10.14"]
[SourceQuality "1"]

1. d4 Nf6 2. c4 g6 3. Nc3 Bg7 4. e4 0-0 5. Be2 d6 6. Bg5 Nbd7 7. Qd2 c5 8. d5 a6 9. a4 Qe8 10. h3 e6 11. Nf3 exd5 12. exd5 Ne4 13. Nxe4 Qxe4 14. 0-0 Nb6 15. Bd3 Qe8 16. Rfe1 Be5 17. Nxe5 dxe5 18. Bh6 Nxa4 19. Bxf8 Kxf8 20. f4 f6 21. fxe5 fxe5 22. Qa5 Nxb2 23. Qxc5+ Kg8 24. Bf1 Bf5 25. Re3 Rc8 26. Qb4 b5 27. cxb5 Rc2 28. bxa6 Qd8 29. a7 Bxh3 30. a8Q Rxg2+ 31. Bxg2 1-0

[Event "Titled Tuesday intern op 02nd Apr Early"]
[Site "Chess.com INT"]
[Date "2024.04.02"]
[Round "6"]
[White "Mayaud, Raphael"]
[Black "Necula, Iulian"]
[Result "0-1"]
[WhiteElo "2175"]
[BlackElo "1909"]
[PlyCount "66"]
[EventDate "2024.04.02"]
[EventType "swiss (blitz)"]
[EventRounds "11"]
[EventCountry "USA"]
[SourceTitle "CBM 219 Extra"]
[Source "ChessBase"]
[SourceDate "2024.05.31"]
[SourceVersion "1"]
[SourceVersionDate "2024.05.31"]
[SourceQuality "1"]

1. d4 Nf6 2. Nf3 g6 3. e3 Bg7 4. Be2 0-0 5. 0-0 d5 6. b4 a5 7. b5 c6 8. bxc6 bxc6 9. c4 Na6 10. Nc3 c5 11. Nxd5 Nxd5 12. cxd5 cxd4 13. Nxd4 Bb7 14. e4 Rc8 15. Be3 Nc5 16. Rb1 Ba8 17. f3 f5 18. Nc6 Bxc6 19. Bxc5 Bd7 20. Bb6 Qe8 21. Bxa5 fxe4 22. fxe4 Ba4 23. Rxf8+ Bxf8 24. Qf1 Bc2 25. Re1 Bxe4 26. Bc4 Bf5 27. Bb3 Bg7 28. d6+ e6 29. Bc7 Bd4+ 30. Kh1 Qd7 31. Qf4 Bc5 32. g4 Qc6+ 33. Re4 Bxe4+ 0-1

[Event "Titled Tuesday intern op 19th Mar Early"]
[Site "Chess.com INT"]
[Date "2024.03.19"]
[Round "2"]
[White "Hernandez Jimenez, Jeronimo"]
[Black "Necula, Iulian"]
[Result "1-0"]
[WhiteElo "2160"]
[BlackElo "1897"]
[PlyCount "63"]
[EventDate "2024.03.19"]
[EventType "swiss (blitz)"]
[EventRounds "11"]
[EventCountry "USA"]
[SourceTitle "EXT 2025"]
[Source "ChessBase"]
[SourceDate "2024.10.14"]
[SourceVersion "1"]
[SourceVersionDate "2024.10.14"]
[SourceQuality "1"]

1. d4 Nf6 2. Nf3 g6 3. Nbd2 Bg7 4. e4 d6 5. Bb5+ c6 6. Bd3 0-0 7. 0-0 b5 8. c3 Bg4 9. h3 Bxf3 10. Nxf3 Nbd7 11. a4 a6 12. Bg5 h6 13. Bf4 g5 14. Bh2 Rb8 15. axb5 axb5 16. Bc2 Nb6 17. e5 Nfd5 18. Qd3 f5 19. exf6 Nxf6 20. Rfe1 Nbd5 21. Bb3 Kh8 22. Qg6 Qe8 23. Qd3 Nf4 24. Bxf4 gxf4 25. Ra7 e5 26. dxe5 dxe5 27. Rxe5 Qd8 28. Qg6 Rg8 29. Bxg8 Qxg8 30. Ree7 Ne8 31. Ne5 Qd5 32. Rxg7 1-0

[Event "Titled Tuesday intern op 19th Mar Early"]
[Site "Chess.com INT"]
[Date "2024.03.19"]
[Round "10"]
[White "Necula, Iulian"]
[Black "Essing, Arnold"]
[Result "1-0"]
[WhiteElo "1897"]
[BlackElo "2219"]
[PlyCount "133"]
[EventDate "2024.03.19"]
[EventType "swiss (blitz)"]
[EventRounds "11"]
[EventCountry "USA"]
[SourceTitle "EXT 2025"]
[Source "ChessBase"]
[SourceDate "2024.10.14"]
[SourceVersion "1"]
[SourceVersionDate "2024.10.14"]
[SourceQuality "1"]

1. c4 e6 2. g3 d5 3. Bg2 c5 4. Nf3 Nc6 5. b3 d4 6. 0-0 Nf6 7. d3 Bd6 8. Bg5 h6 9. Bxf6 Qxf6 10. Nbd2 Qe7 11. Ne4 Bc7 12. e3 0-0 13. exd4 cxd4 14. a3 a5 15. Qc2 e5 16. c5 f5 17. Ned2 Be6 18. Nc4 Bd5 19. Rfe1 Qf6 20. Rad1 e4 21. dxe4 fxe4 22. Rxe4 Bxe4 23. Qxe4 Rae8 24. Qd3 Re7 25. Rf1 Rfe8 26. Qd2 Re2 27. Qd3 R2e7 28. Qd2 Qf5 29. Nh4 Qxc5 30. Qd3 Ne5 31. Nxe5 Bxe5 32. Ng6 Rd7 33. f4 Bf6 34. f5 Re3 35. Qc4+ Qxc4 36. bxc4 d3 37. Bd5+ Rf7 38. Rd1 Bc3 39. Kf2 Re2+ 40. Kf1 Rxh2 41. Rxd3 Bb2 42. Ne7+ Kf8 43. Bxf7 Kxf7 44. Nc8 Bxa3 45. Nb6 Bc5 46. Nd5 b6 47. Rf3 Ra2 48. Rb3 Ra1+ 49. Ke2 Ra2+ 50. Kf3 Rf2+ 51. Ke4 Re2+ 52. Kf3 Rf2+ 53. Ke4 Rc2 54. Nxb6 Bxb6 55. Rxb6 Rxc4+ 56. Kd5 Rc3 57. Rb7+ Kf6 58. Ra7 Rxg3 59. Rxa5 Kxf5 60. Kd4+ Kf6 61. Ke4 Rg4+ 62. Kf3 Rd4 63. Ra6+ Kf7 64. Ra5 Rd6 65. Ra6 g5 66. Rxd6 Kg7 67. Kg4 1-0

[Event "Titled Tuesday intern op 19th Mar Early"]
[Site "Chess.com INT"]
[Date "2024.03.19"]
[Round "7"]
[White "Necula, Iulian"]
[Black "Piddubna, Bozhena"]
[Result "1-0"]
[WhiteElo "1897"]
[BlackElo "2035"]
[PlyCount "69"]
[EventDate "2024.03.19"]
[EventType "swiss (blitz)"]
[EventRounds "11"]
[EventCountry "USA"]
[SourceTitle "EXT 2025"]
[Source "ChessBase"]
[SourceDate "2024.10.14"]
[SourceVersion "1"]
[SourceVersionDate "2024.10.14"]
[SourceQuality "1"]

1. c4 Nf6 2. g3 g6 3. Bg2 Bg7 4. Nc3 0-0 5. Nf3 d6 6. 0-0 Nbd7 7. d3 e5 8. e4 c6 9. h3 Re8 10. Be3 Qc7 11. Re1 Nf8 12. Rc1 Ne6 13. d4 exd4 14. Nxd4 Nc5 15. f3 b6 16. b4 Ne6 17. Nb3 Nh5 18. Bf2 Ng5 19. Kh2 a5 20. bxa5 bxa5 21. f4 Ne6 22. c5 dxc5 23. Nxc5 Nexf4 24. gxf4 Qxf4+ 25. Kg1 Qg5 26. Qf3 Nf4 27. Qg3 Qe5 28. Nd3 Nxd3 29. Qxd3 Ba6 30. Qg3 Qe6 31. Qg4 Qe5 32. Ne2 Rad8 33. Ng3 Bc8 34. Qf3 Bh6 35. Rcd1 1-0

[Event "Titled Tuesday intern op 19th Mar Early"]
[Site "Chess.com INT"]
[Date "2024.03.19"]
[Round "1"]
[White "Necula, Iulian"]
[Black "Williams, Simon Kim"]
[Result "0-1"]
[WhiteElo "1897"]
[BlackElo "2467"]
[PlyCount "80"]
[EventDate "2024.03.19"]
[EventType "swiss (blitz)"]
[EventRounds "11"]
[EventCountry "USA"]
[SourceTitle "EXT 2025"]
[Source "ChessBase"]
[SourceDate "2024.10.14"]
[SourceVersion "1"]
[SourceVersionDate "2024.10.14"]
[SourceQuality "1"]

1. c4 f5 2. g3 Nf6 3. Bg2 d6 4. d4 e6 5. Nc3 Be7 6. Nf3 0-0 7. 0-0 a5 8. b3 Ne4 9. Qc2 Nxc3 10. Qxc3 Nc6 11. Nd2 Bf6 12. e3 e5 13. Nf3 g5 14. Rd1 Qe7 15. Ba3 e4 16. Ne1 g4 17. Rac1 h5 18. Qc2 Nb4 19. Bxb4 axb4 20. c5 d5 21. c6 b6 22. Rd2 h4 23. Qd1 Kg7 24. Nc2 Rxa2 25. Qe1 Qd6 26. Rdd1 Be7 27. Qf1 Ba6 28. Qe1 Bd3 29. Rd2 Rh8 30. Bf1 hxg3 31. fxg3 Bxc2 32. Rdxc2 Ra3 33. Rb2 Bg5 34. Kg2 Qh6 35. Kg1 Be7 36. Bb5 Raa8 37. Rcb1 Bd6 38. Rg2 Qg5 39. Qf1 Rh3 40. Rf2 Qxe3 0-1

[Event "Titled Tuesday intern op 20th Feb Early"]
[Site "Chess.com INT"]
[Date "2024.02.20"]
[Round "9"]
[White "Necula, Iulian"]
[Black "Murthy, Pappu LN"]
[Result "0-1"]
[WhiteElo "1851"]
[BlackElo "1821"]
[PlyCount "84"]
[EventDate "2024.02.20"]
[EventType "swiss (blitz)"]
[EventRounds "11"]
[EventCountry "USA"]
[SourceTitle "EXT 2025"]
[Source "ChessBase"]
[SourceDate "2024.10.14"]
[SourceVersion "1"]
[SourceVersionDate "2024.10.14"]
[SourceQuality "1"]

1. c4 Nf6 2. Nc3 c5 3. e4 d6 4. d3 g6 5. Nge2 Bg7 6. g3 0-0 7. Bg2 Nc6 8. 0-0 Bd7 9. h3 Ne8 10. f4 Nc7 11. f5 a6 12. g4 b5 13. cxb5 axb5 14. Bf4 b4 15. Nd5 Nxd5 16. exd5 Ne5 17. a3 bxa3 18. Rxa3 Rxa3 19. bxa3 Qa5 20. Qb3 Qa7 21. Kh2 Rc8 22. Rb1 c4 23. dxc4 Qf2 24. Qe3 Qxe3 25. Bxe3 Nxc4 26. Bd4 Nxa3 27. Rb7 Bxd4 28. Nxd4 Ba4 29. Ra7 Rc4 30. Nc6 Bxc6 31. dxc6 Nb5 32. Rxe7 Kg7 33. fxg6 hxg6 34. g5 Rc5 35. Rb7 Kf8 36. h4 Ke8 37. Kg3 Rc3+ 38. Kf4 Nd4 39. Rb8+ Ke7 40. Rb7+ Ke6 41. Rb6 Ne2+ 42. Kg4 Rg3# 0-1

[Event "Titled Tuesday intern op 20th Feb Early"]
[Site "Chess.com INT"]
[Date "2024.02.20"]
[Round "7"]
[White "Necula, Iulian"]
[Black "Seder, Mohamad"]
[Result "0-1"]
[WhiteElo "1851"]
[BlackElo "2077"]
[PlyCount "50"]
[EventDate "2024.02.20"]
[EventType "swiss (blitz)"]
[EventRounds "11"]
[EventCountry "USA"]
[SourceTitle "EXT 2025"]
[Source "ChessBase"]
[SourceDate "2024.10.14"]
[SourceVersion "1"]
[SourceVersionDate "2024.10.14"]
[SourceQuality "1"]

1. c4 e6 2. e4 d5 3. cxd5 exd5 4. exd5 Nf6 5. Bb5+ Bd7 6. Bxd7+ Nbxd7 7. Nc3 Nb6 8. Nf3 Be7 9. 0-0 0-0 10. d4 Nbxd5 11. Ne5 c6 12. Bg5 h6 13. Bh4 Re8 14. Re1 Qb6 15. Bxf6 Nxf6 16. Na4 Qa5 17. Qb3 Qd5 18. Qxd5 Nxd5 19. Nc5 Nb4 20. Rec1 Bxc5 21. Rxc5 Rad8 22. a3 Nd5 23. Ra5 a6 24. Rc1 Nf4 25. Nf3 Ne2+ 0-1

[Event "Titled Tuesday intern op 23rd Jan Early"]
[Site "Chess.com INT"]
[Date "2024.01.23"]
[Round "9"]
[White "Leto, Enzo"]
[Black "Necula, Iulian"]
[Result "1-0"]
[WhiteElo "2124"]
[BlackElo "1851"]
[PlyCount "119"]
[EventDate "2024.01.23"]
[EventType "swiss (blitz)"]
[EventRounds "11"]
[EventCountry "USA"]
[SourceTitle "EXT 2025"]
[Source "ChessBase"]
[SourceDate "2024.10.14"]
[SourceVersion "1"]
[SourceVersionDate "2024.10.14"]
[SourceQuality "1"]

1. Nf3 g6 2. c4 Bg7 3. g3 d6 4. Bg2 c6 5. Nc3 e5 6. 0-0 f5 7. d4 e4 8. Ne1 Nf6 9. Bf4 0-0 10. Qd2 Nh5 11. Bg5 Qe8 12. f3 exf3 13. exf3 Be6 14. b3 Nd7 15. Nc2 Qf7 16. Rae1 d5 17. cxd5 cxd5 18. Nb5 Ndf6 19. Nd6 Qd7 20. Nxb7 Qxb7 21. Rxe6 Rae8 22. Rfe1 Rxe6 23. Rxe6 Qd7 24. Re1 Re8 25. Kf2 Rxe1 26. Nxe1 Kf7 27. Nd3 Ne8 28. Nc5 Qc6 29. h4 Bf6 30. Bf1 Bxg5 31. Qxg5 Nhf6 32. Qd2 Nd6 33. Qa5 f4 34. g4 Nfe8 35. Qxa7+ Kf8 36. Qd7 Qxd7 37. Nxd7+ Ke7 38. Ne5 Nc7 39. Nd3 Ne6 40. a4 Nxd4 41. Nxf4 Nxb3 42. Nxd5+ Ke6 43. Nc3 Ke5 44. Kg3 Kd4 45. Nb5+ Nxb5 46. axb5 Kc5 47. Kf4 Nd4 48. Bd3 Ne6+ 49. Ke5 Nd4 50. f4 Nf3+ 51. Kf6 Nxh4 52. Kg7 h5 53. gxh5 gxh5 54. Kh6 Ng2 55. f5 Nf4 56. f6 Ne6 57. Kxh5 Kd4 58. Be2 Ke3 59. b6 Kf4 60. b7 1-0

[Event "Titled Tuesday intern op 23rd Jan Early"]
[Site "Chess.com INT"]
[Date "2024.01.23"]
[Round "6"]
[White "Necula, Iulian"]
[Black "Seder, Mohamad"]
[Result "0-1"]
[WhiteElo "1851"]
[BlackElo "2077"]
[PlyCount "92"]
[EventDate "2024.01.23"]
[EventType "swiss (blitz)"]
[EventRounds "11"]
[EventCountry "USA"]
[SourceTitle "EXT 2025"]
[Source "ChessBase"]
[SourceDate "2024.10.14"]
[SourceVersion "1"]
[SourceVersionDate "2024.10.14"]
[SourceQuality "1"]

1. c4 g6 2. d3 Bg7 3. Nf3 c5 4. Nc3 Nc6 5. g3 e6 6. Bg2 Nge7 7. a3 0-0 8. Rb1 a6 9. Bd2 Rb8 10. b4 cxb4 11. axb4 b5 12. cxb5 axb5 13. h4 d5 14. h5 Nd4 15. Nxd4 Bxd4 16. hxg6 fxg6 17. 0-0 Qc7 18. e3 Bg7 19. Rc1 Qd6 20. e4 d4 21. Ne2 e5 22. Rc5 Be6 23. Bg5 h6 24. Bd2 Rfc8 25. Qc1 Rxc5 26. bxc5 Qc7 27. f3 Kh7 28. f4 Nc6 29. f5 Bf7 30. f6 Bf8 31. g4 Nd8 32. Ng3 Qxc5 33. Qe1 Ne6 34. Bh3 b4 35. g5 Nxg5 36. Bxg5 hxg5 37. Qf2 b3 38. Qh2 Kg8 39. Bf5 b2 40. Rb1 Qc1+ 41. Nf1 Qxb1 42. Qxe5 Qxf1+ 43. Kxf1 b1Q+ 44. Kf2 Rb2+ 45. Kg3 Qg1+ 46. Kh3 Qg2# 0-1

[Event "Titled Tuesday intern op 23rd Jan Early"]
[Site "Chess.com INT"]
[Date "2024.01.23"]
[Round "4"]
[White "Necula, Iulian"]
[Black "Timerkhanov, Alexander"]
[Result "0-1"]
[WhiteElo "1851"]
[BlackElo "2308"]
[PlyCount "52"]
[EventDate "2024.01.23"]
[EventType "swiss (blitz)"]
[EventRounds "11"]
[EventCountry "USA"]
[SourceTitle "EXT 2025"]
[Source "ChessBase"]
[SourceDate "2024.10.14"]
[SourceVersion "1"]
[SourceVersionDate "2024.10.14"]
[SourceQuality "1"]

1. c4 Nf6 2. g3 c6 3. Nc3 d5 4. cxd5 cxd5 5. d4 Nc6 6. Bg2 a6 7. a3 Bf5 8. Nf3 e6 9. 0-0 Be7 10. Bf4 0-0 11. Ne5 Rc8 12. Rc1 Na5 13. e4 Nxe4 14. g4 Nxc3 15. bxc3 Be4 16. f3 Bg6 17. Nxg6 hxg6 18. Re1 Bxa3 19. Ra1 Nc4 20. Qb3 Bd6 21. Bc1 Qc7 22. f4 Bxf4 23. Bxf4 Qxf4 24. Qxb7 Qxg4 25. Qxa6 Rb8 26. Rad1 Rb2 0-1

[Event "Titled Tuesday intern op 29th Aug Early"]
[Site "Chess.com INT"]
[Date "2023.08.29"]
[Round "7"]
[White "Baghdasaryan, Vahe"]
[Black "Necula, Iulian"]
[Result "1-0"]
[WhiteElo "2257"]
[BlackElo "1851"]
[PlyCount "63"]
[EventDate "2023.08.29"]
[EventType "swiss (blitz)"]
[EventRounds "11"]
[EventCountry "USA"]
[SourceTitle "EXT 2024"]
[Source "ChessBase"]
[SourceDate "2023.10.10"]
[SourceVersion "1"]
[SourceVersionDate "2023.10.10"]
[SourceQuality "1"]

1. e4 g6 2. d4 Bg7 3. Nc3 c6 4. Be3 d5 5. e5 f6 6. exf6 exf6 7. Nf3 Ne7 8. Qd2 Bg4 9. Be2 Nf5 10. Bf4 0-0 11. h3 Bxf3 12. Bxf3 Nd6 13. b3 Re8+ 14. Ne2 Ne4 15. Bxe4 dxe4 16. 0-0-0 f5 17. g4 Qe7 18. gxf5 Qa3+ 19. Kb1 Na6 20. c3 b5 21. fxg6 hxg6 22. Rhg1 Kf7 23. h4 Rad8 24. h5 Re6 25. hxg6+ Rxg6 26. Rxg6 Kxg6 27. Rg1+ Kf7 28. Qc2 Re8 29. Ng3 c5 30. Nf5 Bf6 31. Nd6+ Ke6 32. Qxe4+ 1-0

[Event "Titled Tuesday intern op 13th Jun Early"]
[Site "Chess.com INT"]
[Date "2023.06.13"]
[Round "9"]
[White "Dixit, Nikhil"]
[Black "Necula, Iulian"]
[Result "1-0"]
[WhiteElo "2289"]
[BlackElo "1851"]
[PlyCount "35"]
[EventDate "2023.06.13"]
[EventType "swiss (blitz)"]
[EventRounds "11"]
[EventCountry "USA"]
[SourceTitle "EXT 2024"]
[Source "ChessBase"]
[SourceDate "2023.10.10"]
[SourceVersion "1"]
[SourceVersionDate "2023.10.10"]
[SourceQuality "1"]

1. e4 d6 2. d4 Nf6 3. Nc3 Nbd7 4. Nf3 e5 5. Bc4 Be7 6. dxe5 dxe5 7. 0-0 c6 8. a4 a5 9. h3 h6 10. Qe2 Qc7 11. Nh4 g6 12. f4 Nh5 13. Bxf7+ Kxf7 14. fxe5+ Kg7 15. Nxg6 Kxg6 16. Qg4+ Bg5 17. Qf5+ Kg7 18. Qf7# 1-0

[Event "Titled Tuesday intern op 13th Jun Early"]
[Site "Chess.com INT"]
[Date "2023.06.13"]
[Round "5"]
[White "Necula, Iulian"]
[Black "Coelho, Ramyres Santana"]
[Result "1-0"]
[WhiteElo "1851"]
[BlackElo "1981"]
[PlyCount "55"]
[EventDate "2023.06.13"]
[EventType "swiss (blitz)"]
[EventRounds "11"]
[EventCountry "USA"]
[SourceTitle "EXT 2024"]
[Source "ChessBase"]
[SourceDate "2023.10.10"]
[SourceVersion "1"]
[SourceVersionDate "2023.10.10"]
[SourceQuality "1"]

1. d4 Nf6 2. Nc3 g6 3. e4 d6 4. Be2 Bg7 5. Nf3 0-0 6. 0-0 Nc6 7. h3 e5 8. d5 Ne7 9. Bg5 h6 10. Bh4 g5 11. Bg3 Nh5 12. Bh2 Nf4 13. Re1 f5 14. Bf1 fxe4 15. Bxf4 gxf4 16. Nxe4 Ng6 17. h4 Nxh4 18. Nxh4 Qxh4 19. g3 fxg3 20. Nxg3 Bg4 21. Be2 Rf4 22. Bxg4 Rxg4 23. Re3 Rf8 24. Rf3 Rgf4 25. Rxf4 exf4 26. Nf1 f3 27. Ng3 Be5 28. Qd3 1-0

[Event "Titled Tuesday intern op 13th Jun Early"]
[Site "Chess.com INT"]
[Date "2023.06.13"]
[Round "1"]
[White "Necula, Iulian"]
[Black "Lehtosaari, Mauri"]
[Result "0-1"]
[WhiteElo "1851"]
[BlackElo "2176"]
[PlyCount "66"]
[EventDate "2023.06.13"]
[EventType "swiss (blitz)"]
[EventRounds "11"]
[EventCountry "USA"]
[SourceTitle "EXT 2024"]
[Source "ChessBase"]
[SourceDate "2023.10.10"]
[SourceVersion "1"]
[SourceVersionDate "2023.10.10"]
[SourceQuality "1"]

1. d4 d5 2. Nc3 Nf6 3. Bf4 a6 4. e3 Bf5 5. Nf3 e6 6. a3 Nbd7 7. Ne5 h6 8. g4 Bh7 9. h4 c5 10. g5 Ne4 11. gxh6 gxh6 12. Nxe4 Bxe4 13. f3 Bf5 14. Bd3 Bxd3 15. Qxd3 c4 16. Qe2 Qb6 17. Rb1 c3 18. b4 a5 19. b5 a4 20. Kf2 Bxa3 21. Rhg1 Be7 22. Rg7 Bxh4+ 23. Kg2 Rf8 24. Kh3 Bf6 25. Rh7 Nxe5 26. dxe5 Bg5 27. Bxg5 hxg5 28. Rh5 0-0-0 29. Rxg5 Rh8+ 30. Kg3 Rh7 31. f4 Rdh8 32. Qg2 Qxe3+ 33. Kg4 Rh4# 0-1